Textes francais : niveau 2 : textes, exercices de vocabulaire et de syntaxe, entrainement a l'expression ecrite

Αποθηκεύτηκε σε:
Λεπτομέρειες βιβλιογραφικής εγγραφής
Κύριος συγγραφέας: Verdelhan-Bourgade, Michèle
Άλλοι συγγραφείς: Verdelhan, Michel
Μορφή: Βιβλίο
Γλώσσα:French
Δημοσίευση: Paris : CLE, 1977.
Σειρά:Francais sans frontieres
Θέματα:
Ετικέτες: Προσθήκη ετικέτας
Δεν υπάρχουν, Καταχωρήστε ετικέτα πρώτοι!

MARC

LEADER 00000cam a2200000 i 4500
001 1/938
008 950706s1977 fr | ||| |||| ||fre||
020 |a 2190330734 
035 |l 10014258 
040 |a GR-MyUa  |b gre  |e AACR2 
041 0 |a fre 
082 7 |a 448.24   |2 (22) 
100 1 |a Verdelhan-Bourgade, Michèle. 
245 1 0 |a Textes francais :   |b niveau 2 : textes, exercices de vocabulaire et de syntaxe, entrainement a l'expression ecrite /   |c Michele Verdelhan, Michel Verdelhan. 
260 |a Paris :   |b CLE,   |c 1977. 
300 |a 159 σ. :   |b εικ. ;   |c 22 εκ. 
490 1 |a (Le francais sans frontieres) 
650 0 0 |a French language  |x Textbooks for foreign speakers. 
650 0 0 |a French language  |x Grammar  |x Problems, exercises, etc. 
700 1 |a Verdelhan, Michel. 
830 0 |a Francais sans frontieres 
852 |a INST  |b LESVOS  |e 19950706  |h 448.24 VER  |p 005100007972  |q 005100007972  |t BK  |y 0 
852 |a INST  |b RHODES  |e 20000616  |h 448.24 VER  |p 005400008615  |q 005400008615  |t BK  |y 0 
922 |a 1ΕΛΗ  |b 199012  |c ΠΠ/109 
922 |a 4ΕΛΗ  |b 198901  |c ΧΡΙΣΤΟΔΟΥΛΙΔΟΥ